Vista normal
Vista MARC
Ingeniería del medio ambiente / (Registro nro. 17414)
[ vista simple ]
| 000 -Cabecera (24) | |
|---|---|
| Campo de control interno | 01602nam a22002774a 4500 |
| 001 - Número de control | |
| Campo de control | UTEA |
| 005 - Fecha y hora de la | |
| Campo de control | 20251001091034.0 |
| 006 - Campos de control - información adicional | |
| Campos de control | g||||gr||||||01 nz |
| 007 - Tipo material - Descripcion fisica - info general | |
| Tipo material | ta |
| 008 - Códigos de longitud fija (40p) | |
| Campo de control de longitud fija | 250930b es ||||| |||| 00| 0 spa d |
| 020 ## - INTERNATIONAL STANDARD BOOK NUMBER | |
| ISBN | 9788436273816 |
| 040 ## - Origen de la Catalogacion | |
| Centro catalogador/agencia de origen | UTEA |
| 041 ## - Código de idioma (R) | |
| Código de lengua del texto/banda sonora o título independiente (R) | spa |
| 082 ## - Número de la Clasificación | |
| Número de la Clasificación | 628.52 |
| Notación Interna | M96 2018 |
| 100 ## - Autor Personal | |
| Autor Personal | Muñoz Camacho, Eugenio |
| Término indicativo de función (R) | Autor |
| 245 ## - Titulo | |
| Titulo | Ingeniería del medio ambiente / |
| Mención del autor | Eugenio Muñoz Camacho |
| Medio físico | [Texto Impreso] |
| 250 ## - Mencion de edicion | |
| Mencion de edicion | Primera edición |
| 260 ## - Editorial | |
| Ciudad | España |
| Nombre de la Editorial | Editorial Masquelibros S.L. |
| Fecha | 2018 |
| 300 ## - Descripcion | |
| Páginas | 467 paginas |
| Otros detalles físicos | figuras , cuadros y tablas |
| Dimensiones | 17 x 23 cm. |
| 505 ## - Nota de contenido formateada | |
| Nota de contenido formateada Índice del Libro] | Medio ambiente: conceptos, interdisciplinariedad, estado actual -- Conceptos y extensión del medio ambiente -- Problemas medioambientales pendientes -- Contaminación atmosférica, la atmósfera y los contaminantes atmosféricos -- La Atmósfera -- Contaminantes atmosféricos -- Ejercicios de autocomprobación -- Soluciones a los ejercicios de autocomprobación -- Contaminación atmosférica II. dispersión de contaminantes y método de control -- El agua: estado natural. Propiedades contaminantes. análisis -- Tratamiento de aguas residuales -- Residuos urbanos, industriales y radiactivos -- Contaminación por agentes físicos -- Gestión ambiental -- Evaluación del impacto ambiental. |
| 650 ## - Temas - Descriptores | |
| Temas - Descriptores | MEDIO AMBIENTE |
| 650 ## - Temas - Descriptores | |
| Temas - Descriptores | CONTAMINACIÓN ATMOSFÉRICA |
| 9 (RLIN) | 59605 |
| 650 ## - Temas - Descriptores | |
| Temas - Descriptores | TRATAMIENTO DE AGUAS |
| 9 (RLIN) | 59606 |
| 700 ## - Coautor Personal | |
| Coautor Personal | Contreras López, Alfonso, Molero Meneses Mariano |
| Término indicativo de función (R) | Coautores |
| 9 (RLIN) | 59607 |
| 942 ## - Datos personalizados Koha | |
| Esquema de Clasificacion | Dewey Decimal Classification |
| Tipo de Documento | Libros |
| Fecha procesamiento | 2025-09-30 |
| Catalogador | Mag. Cecilio Flores Noa |
| Estado de retiro | Estado de pérdida | Fuente de Clasificacion | Estado | No para préstamo | Escuela Profesional/ Mención de Maestría | Localización permanente | Ubicación/localización actual | Ubicación en estantería | Fecha de adquisición | Fuente de adquisición | Signatura topográfica completa | Código de barras | Precio válido a partir de | Tipo de ítem Koha | Número de Ejemplar |
|---|---|---|---|---|---|---|---|---|---|---|---|---|---|---|---|
| Dewey Decimal Classification | E.P. Ingeniería Ambiental y RR.NN. | Biblioteca Abancay UTEA | Biblioteca Abancay UTEA | Área de Ciencias Puras y Aplicada (primer piso) | 09/30/2025 | Compra | 628.52 M96 2018 | BABA25090480 | 09/30/2025 | Libros | |||||
| Dewey Decimal Classification | E.P. Ingeniería Ambiental y RR.NN. | Biblioteca Cusco UTEA | Biblioteca Cusco UTEA | Biblioteca Puputi | 10/01/2025 | Compra | 628.52 M96 2014 | BCUS25100011 | 10/01/2025 | Libros | ej.1 | ||||
| Dewey Decimal Classification | E.P. Ingeniería Ambiental y RR.NN. | Biblioteca Cusco UTEA | Biblioteca Cusco UTEA | Biblioteca Puputi | 10/01/2025 | Compra | 628.52 M96 2014 | BCUS25100012 | 10/01/2025 | Libros | ej.2 |